000 00299nam a22001337a 4500
008 171101b xxu||||| |||| 00| 0 eng d
020 _a0673189015
041 _aeng
080 _22ND
_a339
100 _a59
101 _aTRE
245 _aUNDERSTANDING FUTURES MARKETS
_cKOLB,R.W
942 _2udc
_cBK
999 _c37034
_d37034